00913nam a2200289 i 4500001000300000003000400003005001700007008003900024015001700063020001500080040001400095041000800109080000800117080001200125100004400137245008400181250001700265260004300282300003300325504002500358650001500383655003000398650002400428710003400452700003900486856009800525bgBPK20201013092702.0000228s2000 pl a f f |001 0 pol aPB 2000/3801 a8301130997 aWA NcBPK0 apol a532 a(075.8)1 aPuzyrewski, Romualdd(1935-2016)eAutor10aPodstawy mechaniki płynów i hydrauliki /cRomuald Puzyrewski, Jerzy Sawicki. aWyd. 3 popr. aWarszawa :bWydaw. Naukowe PWN,c2000. a335, [1] s. :bil. ;c25 cm. aBibliogr. - Indeksy. 4aHydraulika 4aPodręczniki akademickie 4aMechanika płynów2 aWydawnictwo Naukowe PWN4pbl.1 aSawicki, Jerzy M.d(1950- )eAutor41uhttp://koha.tu.koszalin.pl/cgi-bin/koha/opac-detail.pl?biblionumber=37574yKatalog online BPK